Taylor Swift mystery lyrics #65 - Statistics

General Stats
  • This quiz has been taken 60 times
  • The average score is 150 of 201
Answer Stats
Answer % Correct
I
100%
a
98%
you
98%
You
98%
the
96%
me
93%
and
91%
And
91%
it
91%
in
87%
In
87%
my
87%
My
87%
to
87%
we
87%
when
87%
how
84%
it's
84%
It's
84%
on
84%
so
84%
So
84%
there
82%
your
82%
if
80%
I'm
80%
know
80%
But
78%
but
78%
don't
78%
this
78%
why
78%
with
78%
you're
78%
I'd
76%
just
76%
Oh
76%
oh
76%
than
76%
We're
76%
get
73%
hand
73%
not
73%
of
73%
up
73%
something
71%
take
71%
yeah
71%
down
69%
first
69%
head
69%
here
69%
now
69%
one
69%
There's
69%
best
67%
fearless
67%
hands
67%
out
67%
right
67%
want
67%
way
67%
better
64%
dress
64%
gets
64%
kiss
64%
middle
64%
off
64%
really
64%
street
64%
ask
62%
'bout
62%
dance
62%
hair
62%
hard
62%
looks
62%
walk
62%
wonder
62%
caught
60%
cool
60%
lot
60%
more
60%
parking
60%
rained
60%
road
60%
run
60%
shake
60%
storm
60%
through
60%
trying
60%
wanna
60%
baby
58%
little
58%
making
58%
put
58%
stay
58%
town
58%
drag
56%
drive
56%
driving
56%
horse
56%
moment
56%
pull
56%
remember
56%
car
53%
eyes
53%
flawless
53%
glow
53%
'til
53%
usually
53%
Absentmindedly
51%
capture
51%
seat
51%
pavement
49%
slow
49%
passenger's
47%
stood
47%
doorway
44%
Well
42%
brave
29%
No matching quizzes found
Score Distribution
Percent of People with Each Score
Percentile by Number Answered
Your Score History
You have not taken this quiz